000 00698nam a2200217 i 4500
001 181107
003 ES-MaACL
005 20231008175153.0
008 121017s2009 sp a | |||||||| | spa d
020 _a978-84-92711-29-1
080 _a929 Huélamo, Jaime
080 _a796.61 Huélamo, Jaime
100 1 _aHuélamo, Javier (
_d1948-)
_9151656
245 1 4 _aUna medalla maldita /
_cJaime Huélamo.
260 _aCuenca :
_bDiputación Provincial de Cuenca,
_cD.L. 2009.
300 _a333 p. :
_bil. ;
_c24 cm.
600 1 4 _aHuélamo, Javier (
_d1948-)
_9151656
852 _aES-MaACL
_jA-12325
_9187990
_bR.146841
_cDEPO1
_dOlim: N-5330
942 _2udc
_cMONOGRAFIA
999 _c181107
_d181107